000
00328nam a22001457a 4500
999
_c
54902
_d
54902
008
190925b ||||| |||| 00| 0 eng d
020
_a
9780071778282
041
_a
eng
080
_a
004
082
_a
004
100
_a
28
101
_a
SHKI
245
_a
Orcle Exalogic Elastic Cloud Handbook
_c
Plinkett.T
942
_2
udc
_c
BK